| 000 | 00503nam a22001577a 4500 | ||
|---|---|---|---|
| 020 | _qHard Cover. | ||
| 082 | _a621.3 | ||
| 100 | _aIkram ,Talha | ||
| 245 |
_aCOMPRESSED SENSING BASED PHASE CODED PULSE DOPPLIER RADAR / _cTalha Ikram |
||
| 260 |
_aIslamabad : _bCEME - NUST, _c2013. |
||
| 300 |
_axiii, 49 p. : ill. ; _c30cm. |
||
| 650 |
_aElectrical Engineering-MS-Thesis _916073 |
||
| 700 |
_aDr. Muhammad Salman. _929314 |
||
| 942 |
_2ddc _cTHE |
||
| 999 |
_c540393 _d540393 |
||